| 000 | 00367nam a2200133Ia 4500 | ||
|---|---|---|---|
| 008 | 220204s9999 xx 000 0 und d | ||
| 020 | _a1853839655 | ||
| 082 |
_a338.439(084.4) _bMIL |
||
| 100 | _aLang, Tim | ||
| 245 | 4 | _aThe Atlas of food : Who eats what, where and why | |
| 260 |
_aLondon _bEarthscan Publications _c2003 |
||
| 700 | _aMillstone, Erik | ||
| 942 | _cBK | ||
| 999 |
_c42242 _d42242 |
||